Countries That Border Ukraine - Statistics

General Stats
  • This quiz has been taken 144 times
  • The average score is 6 of 7
Answer Stats
Hint Answer % Correct
6 Russia
99%
3 Moldova
94%
5 Romania
94%
4 Poland
93%
1 Belarus
91%
2 Hungary
88%
7 Slovakia
88%
No matching quizzes found
Score Distribution
Percent of People with Each Score
Percentile by Number Answered
Your Score History
You have not taken this quiz